Statistiche per Le più grandi città in Austria • A-Z

Clicka qui per fare il quiz!

Statistiche generali

  • Questo quiz è stato fatto 42 volte
  • Il punteggio medio è 6 su 22

Statistiche sulle risposte

#popolazionecitta% Corretto
V1.888.776Vienna
100%
I132.493Innsbruck
82%
G286.292Graz
77%
S153.377Salisburgo
74%
L204.846Linz
72%
K100.369Klagenfurt
41%
B29.806Bregenz
23%
E14.476Eisenstadt
18%
D49.278Dornbirn
13%
F33.420Feldkirch
13%
R11.903Ried im Innkreis
8%
W59.339Wels
8%
A23.656Amstetten
5%
M20.555Mödling
5%
T24.477Traun
5%
Z10.908Zwettl-Niederösterreich
5%
J9.960Judenburg
3%
N12.879Neunkirchen
3%
H21.150Hallein
0%
O7-425Oberwart‎
0%
P9.527Purkersdorf
0%
Y5.675Ybbs an der Donau
0%

Distribuzione punteggi

Percentile per numero di risposta

Percentuale di utenti per punteggio

I tuoi punteggi nel tempo

Non hai fatto questo quiz